000 00752nam a2200217 i 4500
001 69267
003 ES-MaACL
005 20250812173337.0
007 t|
008 040702s1952 sp ||||1| spa d
080 _a929 Ulloa Pereira, Luis de
080 _a821.134.2 Ulloa Pereira, Luis 1.06
100 1 _aGarcía Aráez, Josefina.
_954172
245 1 0 _aDon Luis Ulloa Pereira /
_cJosefina García Aráez.
260 _aMadrid :
_bConsejo Superior de Investigaciones Científicas,
_c1952.
300 _a424 p., 8 p. de lam. ;
_c25 cm.
600 1 7 _aUlloa Pereira, Luis de,
_d1584-1674
_2
_9152351
710 2 _aConsejo Superior de Investigaciones Científicas (España)
_93236
852 _aES-MaACL
_jD-9089
_bR.34674
999 _c69267
_d69267